Which Flags Contain Blue? - Sudden Death - Statistics

General Stats
  • This quiz has been taken 455 times
  • The average score is 11 of 17
Answers on the Grid
Answers color-coded by a green-red scale on the quiz's grid according to % correct below.
 
Answer Stats
Answer % Correct
79%
78%
75%
74%
72%
71%
71%
66%
66%
64%
63%
63%
62%
61%
60%
55%
51%
No matching quizzes found
Score Distribution
Percent of People with Each Score
Percentile by Number Answered
Your Score History
You have not taken this quiz